Velikost a umístění jednotky Jak připravit a hodnotit podnikatelské projekty. 3

Faktory ovplyvňujúce voľbu veľkosti výrobnej jednotky. Voľba menšej výrobnej jednotky, voľba veľkej výrobnej jednotky. Stratégia založená na etapovej výstavbe výrobnej jednotky. Voľba najvhodnejšieho umiestnenia - ekonomické a neekonomické kritériá hodnotenia jednotlivých variantov lokality.

Na minha lista:
Detalhes bibliográficos
Autor principal: Fotr, J.
Formato: Capítulo de Livro
Idioma:tcheco
Assuntos:
Tags: Adicionar Tag
Sem tags, seja o primeiro a adicionar uma tag!

MARC

LEADER 00000naa a2200000 4500
001 r020205
005 20230920091637.8
041 0 |a cze 
044 |a CZ 
245 1 0 |a Velikost a umístění jednotky  |b Jak připravit a hodnotit podnikatelské projekty. 3  |c J. Fotr 
520 |a Faktory ovplyvňujúce voľbu veľkosti výrobnej jednotky. Voľba menšej výrobnej jednotky, voľba veľkej výrobnej jednotky. Stratégia založená na etapovej výstavbe výrobnej jednotky. Voľba najvhodnejšieho umiestnenia - ekonomické a neekonomické kritériá hodnotenia jednotlivých variantov lokality. 
610 2 0 |a podnik 
610 2 0 |a podnikanie 
610 2 0 |a projekty 
610 2 0 |a podnik výrobný 
610 2 0 |a veľkosť podnikov 
100 1 |a Fotr, J.